Three Australian plays / (Record no. 64655)
[ view plain ]
| 000 -LEADER | |
|---|---|
| fixed length control field | 00904nam a2200253 a 4500 |
| 001 - CONTROL NUMBER | |
| control field | 64655 |
| 003 - CONTROL NUMBER IDENTIFIER | |
| rucl marc code | BD-RjUL |
| 005 - DATE AND TIME OF LATEST TRANSACTION | |
| control field | 20211209081331.0 |
| 008 - FIXED-LENGTH DATA ELEMENTS--GENERAL INFORMATION | |
| fixed length control field | 170219r1971 enk 000 0 eng d |
| 035 ## - SYSTEM CONTROL NUMBER | |
| System control number | (BD-RjUL)64785 |
| 040 ## - CATALOGING SOURCE | |
| Original cataloging agency | NNC |
| Transcribing agency | NNC |
| Modifying agency | (BD-RjUL) |
| Language of cataloging | eng |
| 041 ## - LANGUAGE CODE | |
| Language code of text/sound track or separate title | eng |
| 082 ## - DEWEY DECIMAL CLASSIFICATION NUMBER | |
| Edition number | 22 |
| Classification number | 822.2 |
| Author mark and year | THR 1971 |
| 245 00 - TITLE STATEMENT | |
| Title | Three Australian plays / |
| Statement of responsibility, etc. | introduction by H. G. Kippax. |
| 260 ## - PUBLICATION, DISTRIBUTION, ETC. (IMPRINT) | |
| Place of publication, distribution, etc. | Harmondsworth, Eng. ; |
| -- | Baltimore, Md. : |
| Name of publisher, distributor, etc. | Penguin Books, |
| Date of publication, distribution, etc. | 1963 [Reprinted 1971] |
| 300 ## - PHYSICAL DESCRIPTION | |
| Pagination | 311 p. ; |
| Size | 19 cm. |
| 490 0# - SERIES STATEMENT | |
| Series statement | Penguin plays ; |
| Volume/sequential designation | AU 3 |
| 505 1# - FORMATTED CONTENTS NOTE | |
| Formatted contents note | Contents: The one day of the year / Alan Seymour -- Ned Kelly / Douglas Stewart -- The tower / Hal Porter. |
| 650 #0 - SUBJECT ADDED ENTRY--TOPICAL TERM | |
| Topical term or geographic name as entry element | Australian drama |
| Chronological subdivision | 20th century. |
| 9 (RLIN) | 191693 |
| 700 1# - ADDED ENTRY--PERSONAL NAME | |
| Personal name | Seymour, Alan. |
| Personal name | Stewart, Douglas. |
| Personal name | Porter, Hal. |
| 942 ## - ADDED ENTRY ELEMENTS (KOHA) | |
| Source of classification or shelving scheme | Dewey Decimal Classification |
| Koha item type | Books |
| Lost status | Source of classification or shelving scheme | Damaged status | Not for loan | Collection code | Permanent Location | Current Location | Shelving location | Date acquired | Source of acquisition | Total Checkouts | Full call number | Date last seen | Copy number | Koha item type |
|---|---|---|---|---|---|---|---|---|---|---|---|---|---|---|
| Dewey Decimal Classification | Not For Loan | Non-fiction | Central Library, University of Rajshahi | Central Library, University of Rajshahi | Reading Room | 14/07/1973 | Australia | 822.2 THR 1971 | 19/02/2017 | C-1 | Books |